000 00688nam a22001817a 4500
003 UA-OsUOA
001 13848
007 ta
008 20030622b un ||||| |||| 00| 0 ukr d
100 _aМатвіїв А.
942 _cSA
040 _aUA-OsUOA
_cUA-OsUOA
_dUA-OsUOA
245 _aСтворено новий центр
_b[Центр вокально-хорового мистецтва створено на базі Рівнен. дит. музичної шк. N2 і хору "Ave Maria" та ЗОШ N27]
300 _aС.19
955 _a0
773 0 _w0
_tРівне вечірнє
_dРівне
_d2003
_g№43/13 черв./
650 7 _aКраєзнавча робота
_2UDC
999 _c300009
_d300009